Statistics for Nigeria Football Team World Cup Starting XI

Click here to take the quiz!

General Stats

  • This quiz has been taken 254 times
  • The average score is 8 of 53

Answer Stats

Player% Correct
Jay-Jay Okocha
72%
Ahmed Musa
65%
John Obi Mikel
61%
Victor Moses
60%
Vincent Enyeama
42%
Nwankwo Kanu
40%
Kelechi Iheanacho
37%
Wilfred Ndidi
34%
Taribo West
24%
Finidi George
23%
Taye Taiwo
22%
Yakubu Aiyegbeni
22%
Emmanuel Emenike
20%
Joseph Yobo
19%
William Troost-Ekong
19%
Celestine Babayaro
18%
Peter Odemwingie
18%
Sunday Oliseh
18%
Daniel Amokachi
16%
Emmanuel Amunike
13%
Kalu Uche
13%
Rashidi Yekini
13%
Peter Rufai
11%
Victor Ikpeba
11%
Garba Lawal
9%
Leon Balogun
9%
Uche Okechukwu
9%
Ogenyi Onazi
8%
Francis Uzoho
7%
Julius Aghahowa
7%
Kenneth Omeruo
7%
Kenneth Omeruo
7%
Mutiu Adepoju
6%
Chinedu Obasi
5%
Efe Ambrose
5%
Oghenekaro Etebo
5%
Samson Siasia
5%
Augustine Eguavoen
4%
Bartholomew Ogbeche
4%
Danny Shittu
4%
Dickson Etuhu
4%
Ike Shorunmu
4%
Isaac Okoronkwo
4%
Sani Kaita
4%
Brian Idowu
3%
Chidi Odiah
3%
Efe Sodje
3%
Justice Christopher
3%
Michael Emenalo
3%
Chidi Nwanu
2%
Ifeanyi Udeze
2%
Juwon Oshaniwa
2%
Lukman Haruna
2%

Score Distribution

Percentile by Number Answered

Percent of People with Each Score

Your Score History

You have not taken this quiz